00226nam a22000977a 4500020001800000082000800018100001800026245002500044260005000069300000900119 a9789332517080 a150 aJonathan Ling aCognitive Psychology aDorling KinderseleybPearson publishersc2014 a244p